Quiz sur le Havre - Statistiques

Statistiques générales
  • Ce quiz a été pris 866 fois
    21 depuis la dernière actualisation
  • Le résultat moyen est 14 sur 20
Statistiques - réponses
Indice Réponse % Correct
Année des bombardements qui détruisirent la ville 1944
100%
Mer sur laquelle est située la commune du Havre Manche
100%
Région administrative dans laquelle se situe la ville du Havre Normandie
100%
Pays responsable de ces bombardements Royaume-Uni
100%
Département dont le Havre est sous-préfecture Seine-Maritime
100%
Roi de France qui fonda la ville et son port en 1517 François 1er
89%
Parti politique qui dirigea le Havre de 1965 à 1995 Parti Communiste Français
79%
Maire du Havre, ayant occupé le poste de Premier ministre Édouard Philippe
74%
Nom du stade inauguré en 2012, plus grand stade de la région Stade Océane
74%
Peintre français, auteur de la toile "Impression, soleil levant" représentant le port du Havre Claude Monet
68%
Animal fantastique, emblème de ce roi, qui orne le blason de la ville Salamandre
68%
Il en transite environ 3 millions par an sur le port du Havre (ce qui en fait le premier port français pour le commerce extérieur) Conteneurs
63%
Président de la Quatrième République, né et mort au Havre René Coty
63%
Commune limitrophe du Havre qui fut capitale de la Belgique durant la Première Guerre mondiale Sainte-Adresse
63%
Architecte précurseur du béton armé à qui le ministère de la Reconstruction et de l’Urbanisme confia la reconstruction de la ville Auguste Perret
47%
Surnom donné au bâtiment accueillant la Scène Nationale du Havre, conçu en 1978 par l'architecte brésilien Oscar Niemeyer Le Volcan
47%
Jardins botaniques situés dans un ancien fort militaire dominant la ville basse et l'estuaire Jardins suspendus
42%
Course transatlantique organisée tous les deux ans, reliant le Havre à l'Amérique latine Transat Café l'Or
42%
Eglise emblématique du centre-ville reconstruit dont la tour-lanterne s'élève à 107 m Eglise Saint-Joseph
37%
...ce qui valut ce surnom à la ville {Stalingrad}-sur-Mer
16%
Aucun quiz correspondant
Distribution des résultats
% des personnes avec chaque résultat
Percentile par nombre de réponses
Votre historique - résultats
Vous n’avez pas pris ce quiz depuis la dernière actualisation